01064 a2200241 45000010006000000050017000060080041000230030015000640400040000790800046001192450059001650200018002242500012002422640044002543000019002985050268003170410008005851000024005937000025006177000022006427000059006648560099007234555420260407155728.0260407a1987 arg spa dAR-UNSa-BCEJYS aAR-UNSa-BCEJYSbspacAR-UNSa-BCEJYS a37xEducación. Enseñanza. Formación10aEl proyecto educativo autoritariopArgentina 1976-1982 a950-9467-50-2 a2a. ed. 1aBuenos Aires :bMiño y Dávilac1987 a304 p.c23 cm. a1. Introducción – 2. Elementos para una sociología del currículum escolar en Argentina / Juan C. Tedesco – 3. Estado, burocracia y políticas educativas / Cecilia Braslavsky – 4. Educación y aparato productivo en la Argentina /Ricardo Carciofi -  aspa1 aBraslavsky, Cecilia1 aTedesco, Juan Carlos1 aCarciofi, Ricardo1 aFacultad Latinoamericana de Ciencias Sociales (FLACSO)41uhttps://www.biblioeco.unsa.edu.ar/pmb/images/libros/L127137.jpgyImagen de portadaqimage/jpeg